000 00368nam a2200145Ia 4500
008 231129s2002||||xx |||||||||||||| ||spa||
020 _a84-204-4338-7
040 _bspa
082 _a896.3 C871u
100 _aCouto Mia
245 0 _aEl Ășltimo vuelo del flamenco
260 _c2002
264 _aAlfaguara
942 _2ddc
_cBKS
999 _c12621
_d12621